Welcome to the Holygrace Academy Library

Please use search bar below to get started

CHANNEL 2 (Record no. 3916)

MARC details
000 -LEADER
fixed length control field 00295nam a22001337a 4500
082 ## - DEWEY DECIMAL CLASSIFICATION NUMBER
Classification number 425
Item number SCB/C
100 ## - MAIN ENTRY--AUTHOR NAME
Personal name SUBRAMANIAN,A.E
245 ## - TITLE STATEMENT
Title CHANNEL 2
Remainder of title ENGLISH FOR TODAY
250 ## - EDITION STATEMENT
Edition statement FIRST
260 ## - PUBLICATION, DISTRIBUTION, ETC. (IMPRINT)
Place of publication INDIA
Name of publisher ORIENT LONGMAN
Year of publication 1991
300 ## - PHYSICAL DESCRIPTION
Number of Pages 65
650 ## - SUBJECT ADDED ENTRY--TOPICAL TERM
Topical Term VOCABULARY
Geographic subdivision INDIA
942 ## - ADDED ENTRY ELEMENTS (KOHA)
Koha item type Books
Holdings
Withdrawn status Lost status Collection code Home library Current library Shelving location Date acquired Source of acquisition Full call number Accession Number Koha item type
    Reference Main Library Main Library SHELF-16D -ENGLISH GRAMMAR ,POEMS 04/03/2002 PURCHASE 425 SCB/C 00836 Books